Pathikanthe pattu / (Record no. 339663)

MARC details
000 -LEADER
fixed length control field 00357cam a2200145ua 4500
041 ## - LANGUAGE CODE
Language code of text/sound track or separate title mal
Language code of original
082 ## - DEWEY DECIMAL CLASSIFICATION NUMBER
Classification number 894.8121
Item number SAN/PA
100 ## - MAIN ENTRY--PERSONAL NAME
Personal name SankaraKurup, G.
245 ## - TITLE STATEMENT
Title Pathikanthe pattu /
Statement of responsibility, etc. Sankarakurup G.
Medium Textual Documents
260 ## - PUBLICATION, DISTRIBUTION, ETC. (IMPRINT)
Place of publication, distribution, etc. Thrissur :
Name of publisher, distributor, etc. Current Books ,
Date of publication, distribution, etc. 1964.
300 ## - PHYSICAL DESCRIPTION
Extent 95 ; .
504 ## - BIBLIOGRAPHY, ETC. NOTE
Bibliography, etc
942 ## - ADDED ENTRY ELEMENTS (KOHA)
Koha item type Books (General)

No items available.

Kerala Agricultural University Central Library
Thrissur-(Dt.), Kerala Pin:- 680656, India
Ph : (+91)(487) 2372219
E-mail: librarian@kau.in
Website: http://library.kau.in/